| 000 | 01349nam a22003857a 4500 | ||
|---|---|---|---|
| 003 | CHAP | ||
| 005 | 20220817042009.0 | ||
| 008 | 971013s1973 r 00010 d | ||
| 010 | _a31308 | ||
| 011 | _a32280 | ||
| 035 | _a36393 | ||
| 040 | _cCHAP | ||
| 090 | _aTesis | ||
| 100 | 0 | 0 |
_aCoutiño Arrazola, Aníbal A. _928666 |
| 245 | _aEvaluación de siete técnicas de inoculación de hongos causantes de pudriciones en tallos y mazorcas de maíz | ||
| 260 |
_aCd. Juárez, Chih. : _bEl autor, _c1973 |
||
| 300 |
_a71 h. _b: ilus. |
||
| 502 | _aTesis (Ing. Agrónomo) -- Escuela Superior de Agricultura. "Hermanos Escobar" | ||
| 590 |
_aALEPH _b10 _c20130110 _lUCH01 _h1253 |
||
| 590 |
_aBATCH-UPD _b10 _c20130110 _lUCH01 _h0300 |
||
| 590 |
_aBATCH-UPD _b10 _c20130110 _lUCH01 _h1725 |
||
| 590 |
_aBATCH-UPD _b10 _c20130409 _lUCH01 _h2331 |
||
| 590 |
_aBATCH-UPD _b10 _c20130410 _lUCH01 _h1456 |
||
| 590 |
_aBATCH-UPD _b10 _c20130914 _lUCH01 _h1056 |
||
| 590 |
_aCONVERSION _b10 _c20130109 _lUCH01 _h1318 |
||
| 650 | 1 | 4 |
_aDiplodia. _932670 |
| 650 | 1 | 4 |
_aFusarium moniliforme. _944091 |
| 650 | 1 | 4 |
_aHongos fitopatógenos. _956132 |
| 650 | 1 | 4 | _aMacrophomina phaseolina. |
| 650 | 1 | 4 |
_aMaíz _xEnfermedades. _970939 |
| 901 | _aBK | ||
| 942 | _cFOLL | ||
| 949 |
_bBC _cTES _d-83910 _eTS1 _hg _i36393 _si |
||
| 949 |
_bBC _cTES _d-83943 _eTS2 _fc.2 _h19533 _i36393 _si |
||
| 999 |
_c31308 _d31308 |
||